Flagi Azji - Statystyki

Ogólne statystyki
  • Ten quiz został rozwiązany 13 razy
  • Średni wynik to 39 z 64
Statystyki odpowiedzi
Obrazkowy Odpowiedź % Poprawnych
Korea Południowa
100%
Arabia Saudyjska
90%
Chiny
90%
Gruzja
90%
Indie
90%
Iran
90%
Izrael
90%
Japonia
90%
Katar
90%
Liban
90%
Nepal
90%
Rosja
90%
Azerbejdżan
80%
Cypr
80%
Filipiny
80%
Indonezja
80%
Jordania
80%
Kazachstan
80%
Korea Północna
80%
Mongolia
80%
Pakistan
80%
Singapur
80%
Sri Lanka
80%
Turcja
80%
Wietnam
80%
Armenia
70%
Bahrajn
70%
Egipt
70%
Irak
70%
Kambodża
70%
Kuwejt
70%
Tajlandia
70%
Zjednoczone Emiraty Arabskie
70%
Bangladesz
60%
Bhutan
60%
Brunei
60%
Jemen
60%
Laos
60%
Malezja
60%
Mjanma
60%
Oman
60%
Syria
60%
Tajwan
60%
Timor Wschodni
60%
Turkmenistan
60%
Uzbekistan
60%
Afganistan
50%
Kirgistan
50%
Malediwy
50%
Tadżykistan
50%
Hong Kong
40%
Abchazja
30%
Palestyna
30%
Cypr Północny
20%
Makau
20%
Tybet
20%
Kurdystan
10%
Osetia Południowa
10%
Wyspa Kokosowa
10%
Adżaria
0%
Brytyjskie Terytorium Oceanu Indyjskiego | BIOT
0%
Karakałpacja
0%
Muzułmańskie Mindanao | Bangsamoro
0%
Wyspa Bożego Narodzenia
0%
Nie znaleziono quizów pasujących do podanych kryteriów
Rozkład punktacji
Procent ludzi z każdym wynikiem
Percentyl według liczby udzielonych odpowiedzi
Twoja historia wyników
Nie rozwiązałeś tego quizu